[Event "V Copa Marcel Duchamp 2022"]
[Site "Montevideo"]
[Date "2022.02.12"]
[Round "1.1"]
[White "Delgado Ramirez, Neuris"]
[Black "Parma, Pamela"]
[Result "1-0"]
[WhiteElo "2615"]
[BlackElo "1761"]
[Annotator "TA"]
[PlyCount "49"]
[EventDate "2022.02.12"]
[EventCountry "URU"]
[SourceTitle "playchess.com"]
[Source "ChessBase"]
[SourceQuality "1"]

{[%evp 9,49,19,41,28,25,0,8,-1,39,28,87,81,199,199,208,151,127,132,127,135,239,236,229,238,228,227,260,257,287,283,362,362,548,539,856,855,874,790,706,761,719,529]} 1. e4 c5 2. Nf3 d6 3. Bc4 Nf6 4. d3 g6 5. e5 dxe5 6. Nxe5 {[%csl Ge5][%cal Rc4f7] B50: Sicilian: 2...d6, Miscellaneous.} e6 $1 7. Bb5+ Bd7 8. Nxd7 {The position is equal.} Nfxd7 {[#]} 9. Qf3 $146 ({Predecessor:} 9. O-O Bg7 10. Qf3 Qb6 11. Nc3 O-O 12. a4 Ne5 13. Qg3 Nbc6 14. Bf4 Qa5 15. Rae1 {½-½ (23) Cubas,J (2430)-Kropff,R (2282) Asuncion 2008}) 9... Qa5+ (9... a6 $11 {remains equal.} 10. Ba4 (10. Qxb7 Qa5+ 11. b4 Qxb5 $11) 10... Ra7) 10. Nc3 $16 Bg7 (10... Qb6 $16) 11. Qxb7 $18 Bxc3+ 12. Kd1 O-O {aiming for ...Nb6.} 13. bxc3 (13. Qxa8 $2 {loses.} Qxb5 14. bxc3 Nc6 $17) ({Not} 13. Bxd7 $2 Nxd7 14. Qxd7 Rfd8 $19) 13... Nb6 14. c4 $36 {[%mdl 2048] Strongly threatening a4. White is really pushing. White is more active.} Qc3 (14... a6 $16) 15. Rb1 Qd4 16. Be3 Qd6 {[#]} 17. a4 $1 {[%cal Ba2a4,Ba4a5][%mdl 32] Black must now prevent a5.} N8d7 {[#]} 18. Qc6 $1 Qe7 19. a5 Rfc8 20. Qe4 ({Stronger than} 20. axb6 Rxc6 21. Bxc6 Rb8 $14) 20... Nf6 (20... f5 $142 21. Qf4 a6 22. axb6 Nxb6) 21. Qh4 {White is clearly winning.} a6 22. axb6 axb5 23. b7 Qxb7 24. Qxf6 {Bh6 would kill now.} Qxg2 25. Bh6 {Weighted Error Value: White=0.05 (flawless) /Black=0.35} 1-0

[Event "V Copa Marcel Duchamp 2022"]
[Site "Montevideo"]
[Date "2022.02.12"]
[Round "1.2"]
[White "Popov, Mark"]
[Black "Tristan, Leonardo"]
[Result "0-1"]
[WhiteElo "1758"]
[BlackElo "2561"]
[Annotator "TA"]
[PlyCount "46"]
[EventDate "2022.02.12"]
[EventCountry "URU"]
[SourceTitle "playchess.com"]
[Source "ChessBase"]
[SourceQuality "1"]

{[%evp 9,46,27,32,22,30,-15,26,8,23,-22,-6,-131,-135,-132,-141,-184,-174,-470,-472,-665,-651,-630,-590,-582,-574,-586,-582,-649,-632,-658,-651,-765,-744,-850,-852,-1110,-925,-864,-860]} 1. d4 d6 2. c4 f5 3. Nf3 Nf6 4. Nc3 g6 5. Bg5 Nbd7 6. e3 {A85: Dutch Defence: 2 c4 Nf6 3 Nc3.} Bg7 7. c5 {[#]} (7. Qb3 {is more appropriate.}) 7... c6 $146 (7... dxc5 $142 8. Bc4 c6) ({Predecessor:} 7... dxc5 8. Qb3 c6 9. Bc4 b5 10. Nxb5 cxb5 11. Bxb5 Qa5+ 12. Kd1 Ba6 13. Bc6 c4 {0-1 (21) Wuts,F (2297)-Gurevich,M (2605) Hoogeveen 2001}) 8. b4 {White has an edge.} h6 9. Bf4 (9. Bxf6 $142 Nxf6 10. Qb3) 9... Nh5 10. Nh4 (10. Bg3 $11) 10... Nxf4 $17 11. exf4 {[#]} Nf8 12. Bc4 (12. Rc1 $17 {was necessary.}) 12... dxc5 $19 {[%cal Bd6c5,Bc5b4,Bb4b3][%mdl 32]} 13. Nxg6 $2 (13. Qb3 {was called for.} e6 14. Nf3) 13... Qxd4 {Black is clearly winning.} ({Not} 13... Nxg6 $2 14. Qh5 Qd6 15. bxc5 $19) 14. Bf7+ (14. Qxd4 $142 Bxd4 15. Nxh8 Bxc3+ 16. Ke2 Bxh8 17. Rac1) 14... Kxf7 15. Nxh8+ Kg8 16. Rc1 Qxd1+ 17. Nxd1 cxb4 18. O-O Bxh8 19. Re1 Be6 20. Rc2 a5 {[%cal Ba7a5,Ba5a4][%mdl 32] aiming for ...a4.} 21. Rce2 a4 22. Re3 b3 23. Rg3+ Kf7 {White got outplayed after the opening.  Weighted Error Value: White=0.82/Black=0.19 (very precise)} 0-1

[Event "V Copa Marcel Duchamp 2022"]
[Site "Montevideo"]
[Date "2022.02.12"]
[Round "1.3"]
[White "Perez Ponsa, Federico"]
[Black "Boabaid, Jorge Alberto Duarde"]
[Result "1-0"]
[WhiteElo "2553"]
[BlackElo "1756"]
[Annotator "TA"]
[PlyCount "81"]
[EventDate "2022.02.12"]
[EventCountry "URU"]
[SourceTitle "playchess.com"]
[Source "ChessBase"]
[SourceQuality "1"]

{[%evp 20,81,20,6,34,37,35,0,4,8,8,0,0,0,15,-21,-8,0,1,-37,0,-29,26,11,45,35,38,0,12,15,50,32,106,50,47,37,65,18,13,20,21,21,123,74,358,320,574,560,687,716,750,556,1114,1104,1066,1039,2640,2218,5669,1626,1950,1828,1711,1527]} 1. e4 e5 2. Nf3 Nc6 3. Bb5 a6 4. Ba4 Nf6 5. O-O Be7 6. d3 b5 7. Bb3 O-O 8. a4 Rb8 9. axb5 axb5 10. Nc3 d6 11. h3 h6 {C84: Closed Ruy Lopez: Unusual White 6th moves.} 12. Be3 {[#]} Nb4 $146 ({Predecessor:} 12... Re8 13. Nd5 Bf8 14. c3 Nxd5 15. Bxd5 Bd7 16. Re1 Qf6 17. d4 exd4 18. cxd4 Nb4 19. e5 dxe5 20. dxe5 {½-½ (69) Caruana,F (2792)-Gagunashvili,M (2573) Warsaw 2021}) 13. Ne2 (13. d4 $5 {[%cal Rd4e5]}) 13... c5 $1 {[%cal Oc5c4] The position is equal.} 14. Ng3 Qc7 15. Bd2 Nc6 16. c3 Be6 17. Bc2 b4 18. Re1 Rfd8 19. Nh4 Bf8 20. Nhf5 Kh7 ({Black should play} 20... d5) 21. Qf3 {[%cal Of5h6]} bxc3 22. bxc3 {[%cal Of5h6]} Rb2 23. Rac1 {[%cal Of5h6]} Ng8 24. Ne3 Nce7 25. d4 Ng6 {[#]} ({Better is} 25... cxd4 $14 26. cxd4 exd4 27. e5+ Kh8) 26. Nd5 ({White should try} 26. d5 $1 $16 {[%cal Rd5e6]} Nh4 27. Qe2 (27. Qh5 Nf6 $16)) 26... Qc8 27. dxc5 dxc5 28. Be3 {White is more active.} (28. c4 $1 $14) 28... N8e7 $11 {[%cal Re7d5]} 29. Red1 Nh4 30. Qh5 {[%csl LRe5,LRh4]} Neg6 (30... Nhg6 $1 $11 {keeps the balance.}) 31. Kh2 {Really sharp!} (31. Bg5 $142 $1 {[%cal Rg5h4]} Bxh3 32. Bxh4 (32. Bxd8 $2 Bg4 $17)) 31... Rxc2 $2 {[%mdl 8192] Loses the game.} 32. Rxc2 $18 f5 $2 (32... Bxd5 33. Rcd2 Qa6 34. Rxd5 Rxd5) 33. Bg5 {White is clearly winning.} Nxg2 34. Bxd8 fxe4 35. Bg5 N2f4 36. Bxf4 exf4 37. Nxe4 {[#] And now Re2 would win.} Bf5 38. Re2 f3 39. Qxf3 {[%cal Oe4f6] Threatens to win with Nef6+!} Qb8+ 40. Ng3 Nh4 41. Qh5 {Weighted Error Value: White=0.26 (precise) /Black=0.57} 1-0

[Event "V Copa Marcel Duchamp 2022"]
[Site "Montevideo"]
[Date "2022.02.12"]
[Round "1.4"]
[White "Masoller, Martin"]
[Black "Hungaski, Robert"]
[Result "0-1"]
[WhiteElo "1743"]
[BlackElo "2537"]
[Annotator "TA"]
[PlyCount "72"]
[EventDate "2022.02.12"]
[EventCountry "URU"]
[SourceTitle "playchess.com"]
[Source "ChessBase"]
[SourceQuality "1"]

{[%evp 11,71,9,17,14,22,0,0,-19,0,-7,0,-37,0,-15,-15,-28,-21,-44,-27,-37,-35,-24,-12,-33,-18,-22,-21,-19,-25,-56,-53,-60,-66,-63,-57,-72,-62,-70,-70,-73,-62,-116,-104,-96,-77,-108,-78,-76,-74,-95,-92,-152,-150,-150,-143,-147,-105,-181,-176,-641,-635,-29999]} 1. e4 e5 2. Nf3 Nc6 3. Bc4 Bc5 4. c3 Nf6 5. d3 a6 6. Bb3 Ba7 7. Nbd2 {C54: Giuoco Piano: 4 c3 Nf6, main lines with 5 d4 and 5 d3.} h6 8. Nf1 d5 9. Ng3 {[#] The position is equal.} Be6 $146 ({Predecessor:} 9... dxe4 10. dxe4 Qxd1+ 11. Bxd1 O-O 12. h3 Be6 13. O-O Rfe8 14. Bc2 Rad8 15. b3 Bc5 {½-½ (30) Lakos,N (2287)-Vajda,S (2342) Hungary 2010}) 10. Ba4 {Strongly threatening Nxe5.} b5 11. Bc2 O-O 12. O-O dxe4 13. dxe4 Bc4 14. Qxd8 Raxd8 15. Re1 Ng4 16. Nh1 Bd3 (16... a5 {seems wilder.} 17. h3 Nf6 18. Ng3 a4 19. Nf5 Bd3) 17. Bxd3 Rxd3 18. h3 Nf6 19. Ng3 Rfd8 20. Be3 Bxe3 21. Rxe3 Rxe3 22. fxe3 Nd7 {Black is more active.} 23. Rd1 g6 24. Kf2 f6 25. Ke2 Kf7 26. Rd5 (26. Nh1 $15) 26... Ke6 27. Rd1 Ra8 28. Nh4 Rg8 29. Nf3 Na5 30. b3 Nb7 31. Rd5 (31. Nd2 $142) 31... Nd6 {[%cal Od6e4]} 32. Rd1 Nc5 33. Nd2 f5 ({Black should play} 33... h5 34. Kf3 a5) 34. exf5+ (34. Kf3 $17) 34... gxf5 $19 35. Kf3 {[#]} (35. Kf2) 35... e4+ 36. Kf4 Nd3# {Weighted Error Value: White=0.66/Black=0.09 (flawless)} 0-1

[Event "V Copa Marcel Duchamp 2022"]
[Site "Montevideo"]
[Date "2022.02.12"]
[Round "1.5"]
[White "Lima, Darcy"]
[Black "Barreto Filho, Carlos Alberto"]
[Result "1-0"]
[WhiteElo "2507"]
[BlackElo "2293"]
[Annotator "TA"]
[PlyCount "65"]
[EventDate "2022.02.12"]
[EventCountry "URU"]
[SourceTitle "playchess.com"]
[Source "ChessBase"]
[SourceQuality "1"]

{[%evp 9,65,19,20,18,16,24,13,20,15,20,39,10,40,4,48,35,50,50,58,56,41,38,47,25,47,27,48,51,43,39,83,82,98,97,95,52,42,43,93,90,129,141,162,158,185,185,161,155,204,210,197,204,220,18,230,185,374,117]} 1. e4 e5 2. Nf3 Nc6 3. Nc3 Nf6 4. g3 Be7 5. Bg2 d6 6. d4 {C47: Scotch Four Knights and Four Knights with 4 g3.} Bg4 7. d5 Nd4 8. Be3 {The position is equal.} Nxf3+ 9. Bxf3 Qd7 {[#]} 10. Qe2 $146 ({Predecessor:} 10. Bxg4 Nxg4 11. Bd2 f5 12. f3 Nf6 13. Qe2 a6 14. O-O-O fxe4 15. fxe4 b5 16. Rdf1 {1-0 (39) Eswaran,A (2095)-Parkhurst Casas,M (1869) San Salvador 2015}) 10... Bh3 11. O-O-O (11. Rg1 $5 {[%cal Rg3g4]}) 11... O-O (11... a6 $11 {deserves consideration.}) 12. Rhg1 {Black must now prevent g4.} Ng4 13. Bxg4 Bxg4 14. f3 Bh5 15. g4 Bg6 16. Qe1 Qd8 17. Bf2 a6 18. h4 {[#] Hoping for h5.} f6 19. Ne2 c5 (19... c6 $14) 20. Ng3 $16 b5 21. Be3 a5 22. f4 (22. Nf5 $16) 22... b4 23. Nf5 Bxf5 ({Black should play} 23... a4 $14) 24. gxf5 Rf7 25. h5 {[%cal Bh4h5,Bh5h6][%mdl 32] White is more active.} exf4 26. Bxf4 Bf8 27. h6 Qe7 28. Rg4 Kh8 (28... Re8 $16) 29. Qg3 $18 {[%cal Of4d6] And now Bxd6! would win.} Rd8 30. Rg1 Rd7 31. Kb1 $2 {[#]} ({White should try} 31. a4 $18) 31... a4 $2 (31... Qxe4 $11 {and Black is okay.} 32. Qd3 (32. Bxd6 $2 Qxd5 33. Bf4 Qxf5 $17) 32... Qxd3 33. cxd3 Rb7) 32. Bd2 Qe5 $2 (32... Rb7 33. a3 Qe5) 33. Qxe5 $2 {Weighted Error Value: White=0.22 (precise) /Black=0.33} (33. hxg7+ $18 {and the rest is easy.} Rxg7 34. Bh6 Qxg3 35. Bxg7+ Bxg7 36. R4xg3) 1-0

[Event "V Copa Marcel Duchamp 2022"]
[Site "Montevideo"]
[Date "2022.02.12"]
[Round "1.7"]
[White "Santiago, Yago De Moura"]
[Black "Cayetano, Juan"]
[Result "1-0"]
[WhiteElo "2494"]
[BlackElo "1725"]
[Annotator "TA"]
[PlyCount "81"]
[EventDate "2022.02.12"]
[EventCountry "URU"]
[SourceTitle "playchess.com"]
[Source "ChessBase"]
[SourceQuality "1"]

{[%evp 18,81,27,7,25,25,22,-29,40,47,27,22,65,30,39,15,39,40,48,47,40,15,48,67,58,39,45,16,47,37,120,134,154,99,126,112,127,129,135,133,130,112,180,187,273,258,493,247,705,705,688,660,1763,1766,1790,1762,1759,1775,1508,1479,1299,1175,4902,2077,1189,1096]} 1. d4 e6 2. Nf3 d5 3. c4 Nf6 4. Nc3 c6 5. e3 Bd6 6. Bd3 dxc4 7. Bxc4 Nbd7 8. O-O O-O {8...0-0 has lost popularity.} 9. e4 e5 10. Bg5 Re8 {D46: Semi-Slav: 5 e3 Nbd7 6 Bd3, Black avoids the Meran.} 11. Qb3 Qe7 12. dxe5 (12. Bxf6 $142 Qxf6 13. d5) 12... Bxe5 (12... Nxe5 $11 13. Nxe5 Bxe5) 13. Nxe5 $14 Nxe5 14. Be2 {[#]} Neg4 $146 (14... Ned7 $11 {feels stronger.}) ({Predecessor:} 14... Be6 15. Qc2 h6 16. Bh4 Ng6 17. Bg3 Rad8 18. f4 Bc4 19. Bxc4 Qc5+ 20. Qf2 Qxc4 {½-½ (26) Scafarelli,F-Enevoldsen,H Amsterdam 1954}) 15. Bxg4 Bxg4 16. Rfe1 Be6 {[#]} 17. Bxf6 $1 gxf6 18. Qd1 Qc5 19. e5 f5 {Inhibits Ne4.} 20. Qd2 {aiming for Qg5+.} Kh8 21. Qg5 {Strongly threatening Qf6+.} Qe7 22. Qe3 Rg8 23. Ne2 Qg5 {[#]} (23... Qb4 $14) 24. Nf4 $1 $16 Qg4 25. f3 (25. Rad1 $142) 25... Qh4 26. a3 Rad8 27. Rad1 Qg5 28. Rd6 c5 29. Red1 {White is more active.} b6 (29... Rde8 $16 30. Qc1 b6) 30. g3 $18 {[%cal Of4g6] Hoping for Ng6+!} Qe7 (30... Rc8 {was called for.} 31. Kf2 Qh6) 31. R1d2 Qg5 $2 (31... Rde8 32. Nxe6 fxe6) 32. Kf2 ({Weaker is} 32. Ng6+ Qxg6 33. Rxd8 h5 34. Rxg8+ Kxg8 35. Rd8+ Kh7 $18) (32. Rxd8 $142 Rxd8 {[#]} 33. Ng6+ $1 {[%mdl 512]} Qxg6 34. Rxd8+ Kg7 35. f4) 32... Rge8 (32... Rde8 33. Nxe6 Rxe6 34. Qxg5 Rxg5) 33. Nxe6 {White is clearly winning.} Qxe3+ 34. Kxe3 {[%cal Bf2e3,Be3f4,Bf4e5,Be5d6,Bd6c7][%mdl 32]} Rxd6 35. exd6 {[%cal Be5d6,Bd6d7][%mdl 32] White wants to mate with d7.} fxe6 {[%mdl 4096] Endgame KR-KR} 36. d7 Rd8 37. Kf4 Kg7 38. Ke5 Kf7 39. Kd6 a6 40. Kc7 {[%csl LRb6,LRd8]} Ke7 41. Rd6 {Weighted Error Value: White=0.25 (precise) /Black=0.42} 1-0

[Event "V Copa Marcel Duchamp 2022"]
[Site "Montevideo"]
[Date "2022.02.12"]
[Round "1.8"]
[White "Vieira, Alexandre Letizio"]
[Black "Ricardi, Pablo"]
[Result "0-1"]
[WhiteElo "1719"]
[BlackElo "2464"]
[Annotator "TA"]
[PlyCount "82"]
[EventDate "2022.02.12"]
[EventCountry "URU"]
[SourceTitle "playchess.com"]
[Source "ChessBase"]
[SourceQuality "1"]

{[%evp 17,82,0,0,0,26,0,0,0,0,-2,38,22,20,22,27,0,0,-6,0,-25,0,-17,0,-22,-19,-24,0,-76,-39,-25,-38,-33,-36,-43,-39,-35,0,-38,-15,-10,-4,-8,-8,-8,-15,-25,-20,-65,-68,-68,-68,-68,-61,-67,-77,-74,-65,-68,-54,-70,-69,-225,-229,-391,-382,-389,-221]} 1. d4 Nf6 2. Nf3 g6 3. Bf4 Bg7 4. e3 O-O 5. Nbd2 d6 6. h3 Nbd7 7. c3 b6 8. Be2 Bb7 9. O-O Qe8 10. a4 {has lost popularity (10.Bh2). A48: 1 d4 Nf6 2 Nf3 g6: Torre, London and Colle Systems.} a6 11. Qb3 e5 12. dxe5 {The position is equal.} dxe5 13. Bh2 {[#]} h6 $146 ({Predecessor:} 13... Nc5 14. Qc2 Nfe4 15. Bc4 Rd8 16. b4 Nxd2 17. Nxd2 Qc6 18. Nf3 e4 19. Nd4 Bxd4 20. cxd4 Nxa4 {0-1 (59) Pantelic,S (1570)-Karelina,P (1804) Vienna 2022}) 14. Rfd1 Rb8 15. Qa3 Qe6 16. Ne1 Rfd8 17. Bc4 Qe8 18. Qa2 Ra8 19. Bd3 Bd5 20. Bc4 Nc5 21. Bxd5 Rxd5 (21... Nxd5 {with more complications.} 22. Nb3 Nb7 23. Nd2 c6 24. Qb3 Nc5) 22. Nc4 (22. b4 $11 {remains equal.} Ncd7 23. e4) 22... Rxd1 (22... Rad8 $5 {[%cal Rd5d1]} 23. Rxd5 Nxd5 $15) 23. Rxd1 Qxa4 24. Qxa4 Nxa4 25. Bxe5 b5 26. b3 Nc5 (26... Nxc3 $5 27. Bxc3 bxc4 28. bxc4 a5 $15) 27. b4 Na4 (27... Nb3 {is more complex.} 28. Na3 c5 29. Nd3 Rc8 30. Nb1 Rd8) 28. Na5 Ne4 {[%csl LRc3,LRe5]} 29. Bxg7 Kxg7 30. c4 c5 $36 {[%mdl 2048] Black has the initiative.} 31. Nc2 Nb2 {[%csl LRc4,LRd1]} 32. Rb1 (32. Ra1 $11 {feels stronger.}) 32... Nxc4 $15 {Black is more active.} 33. Nxc4 bxc4 34. bxc5 {[%mdl 4096] Endgame KRN-KRN} Rc8 35. Ra1 Nxc5 36. Ra5 Kf6 37. Kf1 Ke7 38. Ke2 Kd6 39. Nb4 $2 {[#]} (39. Na3 $15) 39... Rb8 $19 40. Nxa6 (40. Rxc5 Rxb4 41. Rc8) 40... Rb2+ 41. Kf3 Nd3 {Weighted Error Value: White=0.24 (precise) /Black=0.08 (flawless)} (41... Nb3 $142 42. Ra4 f5) 0-1

[Event "V Copa Marcel Duchamp 2022"]
[Site "Montevideo"]
[Date "2022.02.12"]
[Round "1.9"]
[White "Perdomo, Leandro"]
[Black "Elena, Eduardo"]
[Result "1-0"]
[WhiteElo "2447"]
[BlackElo "1712"]
[Annotator "TA"]
[PlyCount "64"]
[EventDate "2022.02.12"]
[EventCountry "URU"]
[SourceTitle "playchess.com"]
[Source "ChessBase"]
[SourceQuality "1"]

{[%evp 13,64,33,37,41,70,25,26,25,56,60,266,272,268,283,275,263,267,267,277,248,251,255,267,275,402,410,452,442,725,666,1130,980,29987,29988,29988,29989,29992,1381,1265,0,1486,1446,29985,29986,29989,29990,29994,29995,29995,29996,29996,29997,29998]} 1. d4 d5 2. c4 e6 3. Nc3 Nf6 4. Bg5 Be7 5. e3 Ne4 6. Bxe7 Qxe7 7. Rc1 O-O 8. Bd3 {D54: Queen's Gambit Declined: 4 Bg5 Be7: Lines without Nf3.} f5 9. Nge2 (9. cxd5 $14 Nxc3 10. bxc3 (10. Rxc3 exd5 11. Nf3 c6 $14)) 9... c6 $11 10. O-O {White has an edge.} Qg5 11. Nf4 {[#]} Rf6 $146 {White now steadily converts the win.} (11... Qh6 $14) ({Predecessor:} 11... Qh6 12. f3 Nxc3 13. Rxc3 Nd7 14. c5 e5 15. dxe5 Nxe5 16. Be2 Bd7 17. Qd4 Rae8 {0-1 (36) Estrada Velandia,H (2049)-Nino Penaloza,C (1889) Risaralda 2021}) 12. cxd5 $18 Nxc3 13. Rxc3 ({Resist} 13. bxc3 $6 exd5 14. c4 dxc4 $16) 13... exd5 {[#]} 14. Nxd5 $1 {[%mdl 512]} Rf7 {Prevents Nc7.} 15. Nf4 Kh8 16. Qb3 Qe7 17. d5 Rf8 18. Rd1 g5 (18... a5 {is a better defense.} 19. Bc4 a4) 19. Ne6 Bxe6 20. dxe6 Rf6 (20... b5 $142 21. Qc2 Qxe6) 21. Bc2 f4 22. exf4 {Threatening mate with Rh3.} gxf4 23. Rh3 h6 24. Qc3 Kg7 {[#]} 25. Qd3 (25. Rxh6 $142 $3 {[%mdl 512]} Kxh6 26. Qh3+ Kg5 27. g3 fxg3 28. Qxg3+ Kh5 29. Rd4 Rf5 30. Bxf5 Qg5 {[#]} 31. Rh4+ $3 {[%mdl 512]} Qxh4 32. Qg6#) 25... Kf8 26. Qc3 $2 (26. Rh4 $18) 26... Na6 $2 {[%mdl 8192]} (26... Kg7 $11 27. Rh4 f3 28. Rg4+ Kf8 29. Rg6 Rxg6 30. Bxg6 Kg8 31. Bf7+ Qxf7 32. exf7+ Kxf7) 27. Rd7 {Rhd3 would kill now.} Qxe6 {[#]} 28. Bb3 $1 {[%mdl 512] White mates.} Qf5 {[#]} (28... Qxd7 29. Qxf6+) 29. Rxh6 $3 {[%cal Rh6h8][%mdl 512]} Qb1+ (29... Ke8 30. Rhh7) 30. Bd1 Qxd1+ 31. Rxd1 Rxh6 32. Rd7 Nb8 {Weighted Error Value: White=0.20 (precise) /Black=0.91} 1-0

[Event "V Copa Marcel Duchamp 2022"]
[Site "Montevideo"]
[Date "2022.02.12"]
[Round "1.10"]
[White "Larrea, Daniela"]
[Black "Diaz Hollemaert, Nahuel"]
[Result "0-1"]
[WhiteElo "1705"]
[BlackElo "2439"]
[Annotator "TA"]
[PlyCount "58"]
[EventDate "2022.02.12"]
[EventCountry "URU"]
[SourceTitle "playchess.com"]
[Source "ChessBase"]
[SourceQuality "1"]

{[%evp 19,58,0,0,-11,-22,-26,-8,-18,-25,-19,13,-10,0,-13,0,-31,-31,-31,-22,-74,-62,-112,-113,-146,-149,-153,-139,-156,-150,-132,-145,-258,-258,-258,-254,-222,-234,-1719,-1398,-4810,-1979]} 1. d4 Nf6 2. c4 e6 3. Nf3 b6 4. g3 Bb7 5. Bg2 Bb4+ 6. Bd2 a5 7. O-O O-O 8. Nc3 d6 9. a3 Bxc3 10. Bxc3 a4 11. b4 {[%cal Od4d5] E16: Queen's Indian: 4 g3 Bb7 5 Bg2 Bb4+.} axb3 $1 12. Qxb3 {[#]} Be4 $146 (12... Ne4 {feels hotter.} 13. Bb2 Nd7 14. Qc2 Nef6 15. Rfe1 Be4) ({Predecessor:} 12... Ne4 13. Bb2 Nc6 14. Qc2 Na5 15. Nh4 f5 16. d5 Qe8 17. f3 Nc5 18. e4 fxe4 19. fxe4 {0-1 (27) Iasman,I (1808)-Kazimova,N (2183) Sousse 2021}) 13. Nd2 {The position is equal.} Bxg2 14. Kxg2 d5 15. Qb5 c6 16. Qb3 Nbd7 17. Ra2 Ra6 18. Rfa1 Qa8 19. f3 (19. cxd5 $11 {remains equal.} Nxd5 20. Bb2) 19... Ra4 $17 20. e4 (20. Rc2 $15) 20... dxe4 21. Nxe4 Nxe4 22. fxe4 Qa6 23. Bb4 c5 24. dxc5 bxc5 {[%cal Bb6c5,Bc5b4,Bb4a3,Ba3a2][%mdl 32]} 25. Rd1 (25. Bc3 $17) 25... cxb4 $19 26. Rxd7 Rxa3 ({Stronger than} 26... bxa3 27. Qb5 $17) 27. Rxa3 bxa3 ({Weaker is} 27... Qxa3 28. Qxa3 bxa3 29. Ra7 $11) 28. Qb5 $2 {[#]} (28. Rd2) 28... Qa8 $1 {Strongly threatening ...a2.} ({Not} 28... Qxb5 29. cxb5 Ra8 30. Rd1 $17) 29. Qb7 a2 {Weighted Error Value: White=1.15/Black=0.04 (flawless)} 0-1

[Event "V Copa Marcel Duchamp 2022"]
[Site "Montevideo"]
[Date "2022.02.12"]
[Round "1.11"]
[White "Valerga, Diego"]
[Black "Griselka, Diego"]
[Result "1-0"]
[WhiteElo "2431"]
[BlackElo "1685"]
[Annotator "TA"]
[PlyCount "37"]
[EventDate "2022.02.12"]
[EventCountry "URU"]
[SourceTitle "playchess.com"]
[Source "ChessBase"]
[SourceQuality "1"]

{[%evp 11,37,3,10,0,8,0,0,0,37,19,82,18,62,43,374,383,881,878,870,866,795,679,731,702,720,712,1945,1402]} 1. d4 d5 2. c4 dxc4 3. e3 e5 4. Bxc4 exd4 5. exd4 Nf6 6. Nc3 Bd6 7. Nf3 {D20: Queen's Gambit Accepted: 3 e3 and 3 e4.} Nc6 8. O-O O-O 9. h3 {The position is equal.} a6 10. Re1 Bf5 {[#]} (10... b5 $11 11. Bd3 Bb7) 11. Nh4 $146 ({White should try} 11. Bg5 $16) ({Predecessor:} 11. Bg5 h6 12. Bh4 Be7 13. d5 Nb4 14. Rc1 b5 15. Nd4 Bg6 16. Bb3 Nd3 17. Nc6 Nxe1 18. Nxd8 {1-0 (49) Asadli,V (2478)-Avalyan,A (2268) Chess.com INT 2018}) 11... Qd7 (11... Bd7 $11 {is superior.}) 12. Bg5 $14 {[%cal Bc1g5,Bg5e3,Be3d4][%mdl 32] Threatens to win with Bxf6.} Be7 {[%mdl 8192]} (12... Bg6 $14) 13. d5 $18 Nd8 {[#]} (13... Nxd5 14. Qxd5 Bxg5) 14. Rxe7 $1 {[%mdl 512] White is clearly winning.} Qxe7 15. Nxf5 Qe5 16. Qf3 c6 17. Be3 cxd5 {[#]} 18. Bd4 $1 {This bishop pair is nice.} Qe6 (18... Qxd4 19. Nxd4) 19. Nxd5 {White took control after the opening.  Weighted Error Value: White=0.27 (precise) /Black=0.99} 1-0